Who Said it? - Game of Thrones - Statistics

General Stats
  • This quiz has been taken 99 times
  • The average score is 98 of 132
Answer Stats
Question Tile Select % Correct
Leave one wolf alive and the sheep are never safe. Jon Snow No
98%
If I fall, don't bring me back. Sansa Stark No
93%
If I fall, don't bring me back. Tywin Lannister No
93%
I'm no ordinary woman, my dreams come true. Arya Stark No
91%
I'm no ordinary woman, my dreams come true. Catelyn Stark No
91%
If I fall, don't bring me back. Daenerys Targaryen No
91%
An unhappy wife is a wine merchant's best friend. Robb Stark No
91%
An unhappy wife is a wine merchant's best friend. Sansa Stark No
91%
I'm no ordinary woman, my dreams come true. Sansa Stark No
91%
Leave one wolf alive and the sheep are never safe. Tyrion Lannister No
91%
I'm no ordinary woman, my dreams come true. Brienne of Tarth No
90%
Give my regards to the Night's Watch. I'm sure it will be thrilling. And if it's not, it's only for life. Catelyn Stark No
90%
If I fall, don't bring me back. Jaime Lannister No
90%
It's hard to put a leash on a dog once you've put a crown on it's head. Jon Snow No
89%
Give my regards to the Night's Watch. I'm sure it will be thrilling. And if it's not, it's only for life. Cersei Lannister No
88%
Leave one wolf alive and the sheep are never safe. Ned Stark No
88%
I wonder if you're the worst person I've ever met? Robb Stark No
88%
I wonder if you're the worst person I've ever met? Tywin Lannister No
88%
There's no justice in the world, not unless we make it. You loved your family, avenge them. Tywin Lannister No
88%
Yes. All men must die. But we are not men. Catelyn Stark No
86%
I wonder if you're the worst person I've ever met? Cersei Lannister No
86%
Death is so final yet life is full of possibilities. Daenerys Targaryen No
86%
It's hard to put a leash on a dog once you've put a crown on it's head. Ned Stark No
86%
Give my regards to the Night's Watch. I'm sure it will be thrilling. And if it's not, it's only for life. Robert Baratheon No
86%
Men decide where power resides, whether or not they know it. Tyrion Lannister No
86%
Explain to me why it's more noble to kill 10,000 men in battle than a dozen at dinner. Cersei Lannister No
85%
I wonder if you're the worst person I've ever met? Jaime Lannister No
85%
If I fall, don't bring me back. Jorah Mormont No
85%
There's no justice in the world, not unless we make it. You loved your family, avenge them. Ned Stark No
85%
It's hard to put a leash on a dog once you've put a crown on it's head. Cersei Lannister No
84%
If I fall, don't bring me back. Jon Snow Yes
84%
There's no justice in the world, not unless we make it. You loved your family, avenge them. Robb Stark No
84%
Explain to me why it's more noble to kill 10,000 men in battle than a dozen at dinner. Robert Baratheon No
84%
Sitting on a throne is a thousand times harder than winning one. Sansa Stark No
84%
Men decide where power resides, whether or not they know it. Tywin Lannister No
84%
Yes. All men must die. But we are not men. Arya Stark No
83%
Yes. All men must die. But we are not men. Cersei Lannister No
83%
Death is so final yet life is full of possibilities. Jon Snow No
83%
Sitting on a throne is a thousand times harder than winning one. Jon Snow No
83%
Leave one wolf alive and the sheep are never safe. Walder Frey No
83%
I'm no ordinary woman, my dreams come true. Cersei Lannister No
81%
Explain to me why it's more noble to kill 10,000 men in battle than a dozen at dinner. Joffrey Baratheon No
81%
No need to seize the last word Lord Baelish. I'll assume it was something clever. Jon Snow No
81%
Give my regards to the Night's Watch. I'm sure it will be thrilling. And if it's not, it's only for life. Petyr Baelish No
81%
Men decide where power resides, whether or not they know it. Roose Bolton No
81%
I'm not tired! Daenerys Targaryen No
80%
I'm not tired! Jaime Lannister No
80%
The things I do for love. Jon Snow No
80%
The things I do for love. Ned Stark No
80%
The things I do for love. Robert Baratheon No
80%
There's no justice in the world, not unless we make it. You loved your family, avenge them. Tyrion Lannister No
80%
The things I do for love. Tyrion Lannister No
80%
Sitting on a throne is a thousand times harder than winning one. Daenerys Targaryen No
79%
The things I do for love. Jaime Lannister Yes
79%
When you play the game of thrones, you win or you die. There's no middle ground. Joffrey Baratheon No
79%
Death is so final yet life is full of possibilities. Margaery Tyrell No
79%
Yes. All men must die. But we are not men. Olenna Tyrell No
79%
I'm not tired! Robert Baratheon No
79%
Explain to me why it's more noble to kill 10,000 men in battle than a dozen at dinner. Tyrion Lanniser No
79%
Sitting on a throne is a thousand times harder than winning one. Tywin Lannister No
79%
No need to seize the last word Lord Baelish. I'll assume it was something clever. Tywin Lannister No
79%
When you play the game of thrones, you win or you die. There's no middle ground. Tywin Lannister No
79%
Some old wounds never truly heal, and bleed again at the slightest word. Jon Snow No
78%
Sitting on a throne is a thousand times harder than winning one. Ned Stark No
78%
The world is overflowing with horrible things, but they're all a tray of cakes next to death. Tywin Lannister No
78%
The things I do for love. Tywin Lannister No
78%
I'm no ordinary woman, my dreams come true. Daenerys Targaryen Yes
77%
Most women don't know what they like until they've tried it. Daenerys Targaryen No
77%
When you play the game of thrones, you win or you die. There's no middle ground. Daenerys Targaryen No
77%
It doesn't matter what we want. Once we get it, then we want something else. Jon Snow No
77%
Yes. All men must die. But we are not men. Margaery Tyrell No
77%
Death is so final yet life is full of possibilities. Ned Stark No
77%
The world is overflowing with horrible things, but they're all a tray of cakes next to death. Robert Baratheon No
77%
I'm not tired! Sansa Stark No
77%
When you play the game of thrones, you win or you die. There's no middle ground. Tyrion Lannister No
77%
We're children playing at a game, screaming that the rules aren't fair. Tywin Lannister No
77%
It's hard to put a leash on a dog once you've put a crown on it's head. Varys No
77%
The world is overflowing with horrible things, but they're all a tray of cakes next to death. Cersei Lannister No
75%
Some old wounds never truly heal, and bleed again at the slightest word. Sansa Stark No
75%
Leave one wolf alive and the sheep are never safe. Tywin Lannister No
75%
Most women don't know what they like until they've tried it. Cersei Lannister No
74%
Explain to me why it's more noble to kill 10,000 men in battle than a dozen at dinner. Jaime Lannister No
74%
Men decide where power resides, whether or not they know it. Petyr Baelish No
74%
Death is so final yet life is full of possibilities. Petyr Baelish No
74%
When you play the game of thrones, you win or you die. There's no middle ground. Petyr Baelish No
74%
An unhappy wife is a wine merchant's best friend. Peytr Baelish No
74%
We're children playing at a game, screaming that the rules aren't fair. Robert Baratheon No
74%
The world is overflowing with horrible things, but they're all a tray of cakes next to death. Tyrion Lannister No
74%
Most women don't know what they like until they've tried it. Tyrion Lannister No
74%
It doesn't matter what we want. Once we get it, then we want something else. Jaime Lannister No
73%
We're children playing at a game, screaming that the rules aren't fair. Petyr Baelish No
73%
Some old wounds never truly heal, and bleed again at the slightest word. Tyrion Lannister No
72%
It doesn't matter what we want. Once we get it, then we want something else. Tyrion Lannister No
72%
There's no justice in the world, not unless we make it. You loved your family, avenge them. Varys No
72%
Men decide where power resides, whether or not they know it. Cersei Lannister No
70%
No need to seize the last word Lord Baelish. I'll assume it was something clever. Cersei Lannister No
70%
We're children playing at a game, screaming that the rules aren't fair. Ned Stark No
70%
An unhappy wife is a wine merchant's best friend. Robert Baratheon No
70%
I wonder if you're the worst person I've ever met? Sansa Stark No
70%
When you play the game of thrones, you win or you die. There's no middle ground. Cersei Lannister Yes
69%
Most women don't know what they like until they've tried it. Olenna Tyrell No
69%
No need to seize the last word Lord Baelish. I'll assume it was something clever. Tyrion Lannister No
69%
The world is overflowing with horrible things, but they're all a tray of cakes next to death. Walder Frey No
68%
It doesn't matter what we want. Once we get it, then we want something else. Cersei Lannister No
67%
Some old wounds never truly heal, and bleed again at the slightest word. Olenna Tyrell No
67%
Sitting on a throne is a thousand times harder than winning one. Robert Baratheon Yes
67%
No need to seize the last word Lord Baelish. I'll assume it was something clever. Varys No
67%
Most women don't know what they like until they've tried it. Petyr Baelish No
65%
I'm not tired! Arya Stark No
63%
I wonder if you're the worst person I've ever met? Olenna Tyrell Yes
62%
Yes. All men must die. But we are not men. Daenerys Targaryen Yes
60%
An unhappy wife is a wine merchant's best friend. Tyrion Lannister No
60%
It's hard to put a leash on a dog once you've put a crown on it's head. Tywin Lannister No
60%
I'm not tired! Joffrey Baratheon Yes
59%
The world is overflowing with horrible things, but they're all a tray of cakes next to death. Olenna Tyrell Yes
58%
Leave one wolf alive and the sheep are never safe. Arya Stark Yes
56%
Explain to me why it's more noble to kill 10,000 men in battle than a dozen at dinner. Tywin Lannister Yes
56%
It doesn't matter what we want. Once we get it, then we want something else. Varys No
56%
Death is so final yet life is full of possibilities. Tyrion Lannister Yes
54%
We're children playing at a game, screaming that the rules aren't fair. Tyrion Lannister No
54%
Some old wounds never truly heal, and bleed again at the slightest word. Catelyn Stark No
52%
There's no justice in the world, not unless we make it. You loved your family, avenge them. Petyr Baelish Yes
52%
Men decide where power resides, whether or not they know it. Varys Yes
51%
Give my regards to the Night's Watch. I'm sure it will be thrilling. And if it's not, it's only for life. Tyrion Lannister No
49%
Most women don't know what they like until they've tried it. Margaery Tyrell Yes
48%
No need to seize the last word Lord Baelish. I'll assume it was something clever. Sansa Stark Yes
41%
It's hard to put a leash on a dog once you've put a crown on it's head. Tyrion Lannister Yes
41%
Give my regards to the Night's Watch. I'm sure it will be thrilling. And if it's not, it's only for life. Jaime Lannister Yes
31%
It doesn't matter what we want. Once we get it, then we want something else. Petyr Baelish Yes
28%
We're children playing at a game, screaming that the rules aren't fair. Jon Snow Yes
27%
An unhappy wife is a wine merchant's best friend. Cersei Lannister Yes
23%
Some old wounds never truly heal, and bleed again at the slightest word. Ned Stark Yes
15%
No matching quizzes found
Score Distribution
Percent of People with Each Score
Percentile by Number Answered
Your Score History
You have not taken this quiz